| 000 | | | 04367cbm0a2200313 x 450 |
| 001 | | | eaad0cd4-8976-47de-8b4e-d392b3c06ba4 |
| 005 | | | 20150127105144.0 |
| 100 | ## | $a | 20131119l16761680k##y0rusy0189 ca |
| 101 | 0# | $a | rus |
| 102 | ## | $a | RU |
| 105 | ## | $a | y###z######## |
| 122 | 2# | $a | d1676###### |
| | $a | d1680###### |
| 200 | 1# | $a | Расспросные речи |
| | $b | Дело |
| | $e | начато 1676 г. - окончено 1680 г. |
| 210 | ## | $d | 1676-1680 |
| 215 | ## | $a | 6 листов |
| 225 | 1# | $a | Фонд Тюменская воеводская канцелярия |
| | $h | Опись № 1 |
| 300 | ## | $a | Рукописный текст. Скоропись. Чернила |
| 300 | ## | $a | Гербовое клеймо на листах: 1-3 |
| 601 | 02 | $2 | prlib_sh |
| | $3 | DITM\AF\0000005569 |
| | $a | Тюменская воеводская канцелярия |
| | $j | Документы и материалы |
| 605 | ## | $2 | acquisition_Prlib |
| | $3 | DITM\AF\0000002775 |
| | $a | Власть |
| | $l | коллекция |
| 605 | ## | $2 | acquisition_Prlib |
| | $3 | DITM\AF\0000004675 |
| | $a | Территория |
| | $l | коллекция |
| 606 | 1# | $2 | prlib_sh |
| | $3 | LIBNET\UAF\0000015702 |
| | $a | Судопроизводство |
| | $y | Сибирь |
| | $z | 17 - 18 вв. |
| | $j | Документы и материалы |
| 607 | ## | $2 | prlib_sh |
| | $3 | LIBNET\UAF\0000015584 |
| | $a | Тобольский разряд |
| | $j | Документы и материалы |
| 686 | ## | $a | 67.3(2)45ю11 |
| | $v | LBC/M |
| | $2 | rubbk |
| 710 | 02 | $3 | DITM\AF\0000005569 |
| | $a | Тюменская воеводская канцелярия |
| 801 | #0 | $a | RU |
| | $b | Тюменская ОНБ |
| | $c | 20131119 |
| | $g | rcr |
| 801 | #1 | $a | RU |
| | $b | Тюменская ОНБ |
| | $c | 20131119 |
| | $2 | rusmarc |
| 801 | #2 | $a | RU |
| | $b | ПБ им. Б.Н. Ельцина |
| | $c | 20150127 |
| | $g | RCR |
| | $2 | rusmarc |
| 852 | ## | $a | Гос. архив Тюменской области. |
| | $b | Ф. И-47. |
| | $g | Оп. 1. |
| | $j | Д. 1634. |
| 035 | ## | $a | LIBNET\0000392059 |
| 937 | ## | $d | 45662653 |
| | $h | Гос. архив Тюменской области |
| 856 | 4# | $u | http://www.prlib.ru/Lib/pages/item.aspx?itemid=120983 |